All Teams Liverpool FC Faced in the Champions League When They Won It. - Statistics

General Stats
  • This quiz has been taken 140 times
  • The average score is 15 of 33
Answer Stats
Hint Answer % Correct
18/19 Semi-Final Barcelona
92%
18/19 Final Tottenham Hotspur
91%
04/05 Final AC Milan
90%
80/81 Semi-Final Bayern Munich
89%
18/19 Round Of 16 Bayern Munich
89%
80/81 Final Real Madrid
89%
18/19 Quarter-Final FC Porto
79%
04/05 Semi-Final Chelsea
78%
18/19 Group Stage PSG
77%
18/19 Group Stage Napoli
71%
04/05 Quarter-Final Juventus
69%
83/84 Final Roma
65%
04/05 Group Stage Olympiacos
50%
77/78 Quarter-Final Benfica
49%
83/84 Quarter-Final Benfica
49%
18/19 Group Stage Red Star Belgrade
43%
04/05 Group Stage Monaco
40%
77/78 Final Club Brugge
37%
76/77 Final Monchengladbach
35%
77/78 Semi-Final Monchengladbach
35%
04/05 Round Of 16 Bayer Leverkusen
29%
04/05 Group Stage Deportivo
27%
76/77 Quarter-Final Saint-Etienne
25%
80/81 2nd Round Aberdeen
12%
77/78 2nd Round Dynamo Dresden
12%
83/84 2nd Round Athletic Bilbao
10%
80/81 Quarter-Final CSKA Sofia
7%
76/77 Semi-Final FC Zurich
6%
76/77 1st Round Crusaders
5%
76/77 2nd Round Trabzonspor
4%
80/81 1st Round Oulun Palloseura
2%
83/84 Semi-Final Dinamo Bucuresti
1%
83/84 1st Round Odense Boldklub
1%
No matching quizzes found
Score Distribution
Percent of People with Each Score
Percentile by Number Answered
Your Score History
You have not taken this quiz